000
00298nam a2200121Ia 4500
005
20260326235441.0
008
260326s9999||||xx |||||||||||||| ||und||
100
_a
Origoni, Franco
245
0
_a
On tour with Renzo Piano /
_c
Franco Origoni
260
_b
Phaidon
650
_a
ARQUITECTOS
942
_c
BK
999
_c
7412
_d
7412